The pulpit commentary; vol. 16. (Record no. 1508)

000 -LEADER
fixed length control field 00608nam a2200193 a 4500
001 - CONTROL NUMBER
control field :::00017693$&:&@@
003 - CONTROL NUMBER IDENTIFIER
control field OkBaRHE
005 - DATE AND TIME OF LATEST TRANSACTION
control field 20100326165353.0
008 - FIXED-LENGTH DATA ELEMENTS--GENERAL INFORMATION
fixed length control field j 000 0 eng u
040 ## - CATALOGING SOURCE
Transcribing agency
100 1# - MAIN ENTRY--PERSONAL NAME
Personal name Spence, H. D. M and Exell, Joseph S.
245 14 - TITLE STATEMENT
Title The pulpit commentary; vol. 16.
260 ## - PUBLICATION, DISTRIBUTION, ETC. (IMPRINT)
Place of publication, distribution, etc McClean, VA., :
Name of publisher, distributor, etc MacDonald Publishing Company
300 ## - PHYSICAL DESCRIPTION
Extent v. (1-23).
650 ## - SUBJECT ADDED ENTRY--TOPICAL TERM
Topical term or geographic name as entry element Bible
General subdivision Commentaries
700 ## - ADDED ENTRY--PERSONAL NAME
Personal name Exell, Joseph S., Joint author.
942 ## - ADDED ENTRY ELEMENTS (KOHA)
Source of classification or shelving scheme
Koha item type Books
Copies
Date last seen Collection code Permanent Location Barcode Date acquired Koha item type Full call number Copy number Shelving location Lost status Withdrawn status Source of classification or shelving scheme Price effective from Not for loan Damaged status
2010-04-14ReferenceRHEMA Bible Training College176932010-04-14BooksBS 491 .S771General Stacks   2010-04-14